Vlaggen van Noord- en Zuid-Amerika - Statistieken

Algemene statistieken
  • Deze quiz is 8.896 keer genomen
  • De gemiddelde score is 23 van 35
Antwoordstatistieken
Foto Antwoord % Correct
Canada
100%
Mexico
99%
Verenigde Staten
99%
Brazilië
98%
Jamaica
96%
Argentinië
94%
Colombia
90%
Uruguay
87%
Venezuela
87%
Ecuador
82%
Chili
77%
Panama
71%
Barbados
69%
Peru
69%
Cuba
68%
Suriname
66%
Costa Rica
65%
Honduras
63%
Paraguay
61%
Dominicaanse Republiek
59%
Guatemala
54%
El Salvador
51%
Saint Lucia
51%
Nicaragua
49%
Bahama's
48%
Haïti
48%
Belize
45%
Bolivia
45%
Trinidad en Tobago
44%
Guyana
42%
Antigua en Barbuda
39%
Dominica
39%
Saint Vincent en de Grenadines
38%
Grenada
37%
Saint Kitts en Nevis
35%
Geen overeenkomende quizzen gevonden
Scoreverdeling
Procent van Mensen met Elke Score
Percentiel versus Aantal Correcte Antwoorden
Uw Scoregeschiedenis
U heeft deze quiz nog niet genomen